000 00905nam a2200277Ia 4500
003 GCL
005 20240530110112.0
008 140319s9999 xx 000 0 ara d
040 _aGCL /
_cGCL
082 0 4 _a658.57
_bس د
100 1 _aكوماندر سيمون
245 1 0 _aالدولة والتنمية الزراعية فى مصر منذ عام 1973 /
_cكوماندر سيمون
260 _a[S.N] :
_bمكتبة مدبولى ،
_c1991
300 _a396 ص
650 0 4 _aمصر
650 0 4 _aالزراعة
650 0 4 _aالتنمية الزراعية
650 0 4 _aالمحاصيل الزراعية
650 0 4 _aاقتصاديات
650 0 4 _aعمال زراعيون
650 0 4 _aالالات الزراعية
650 0 4 _aالتخطيط الزراعى
650 0 4 _aالاحصائيات
700 0 _aنادية على عبدالعظيم
_eمترجم
942 _2ddc
_cBK
999 _c58566
_d58566